A history of political theory/ (Record no. 17827)

MARC details
000 -LEADER
fixed length control field 00876cam a22002771 4500
001 - CONTROL NUMBER
control field 6898918
003 - CONTROL NUMBER IDENTIFIER
control field BDDh-ASL
005 - DATE AND TIME OF LATEST TRANSACTION
control field 20231015025638.0
008 - FIXED-LENGTH DATA ELEMENTS--GENERAL INFORMATION
fixed length control field 740815s1937 xx 000 0 eng
010 ## - LIBRARY OF CONGRESS CONTROL NUMBER
LC control number 37012544
035 ## - SYSTEM CONTROL NUMBER
System control number (OCoLC)977452
040 ## - CATALOGING SOURCE
Original cataloging agency DLC
Transcribing agency TxU-Da
Modifying agency BDDh-ASL
042 ## - AUTHENTICATION CODE
Authentication code premarc
050 00 - LIBRARY OF CONGRESS CALL NUMBER
Classification number JA81
Item number .S3
082 ## - DEWEY DECIMAL CLASSIFICATION NUMBER
Classification number 320
Item number SAH
100 1# - MAIN ENTRY--PERSONAL NAME
Personal name Sabine, George Holland,
Dates associated with a name 1880-1961.
245 12 - TITLE STATEMENT
Title A history of political theory/
Statement of responsibility, etc. by George H. Sabine...
260 ## - PUBLICATION, DISTRIBUTION, ETC.
Place of publication, distribution, etc. New York:
Name of publisher, distributor, etc. H. Holt and company,
Date of publication, distribution, etc. [c1937].
300 ## - PHYSICAL DESCRIPTION
Extent xvi, 797 p.
Dimensions 22 cm.
490 0# - SERIES STATEMENT
Series statement American political science series; general editor, E.S. Corwin
500 ## - GENERAL NOTE
General note Includes index.
504 ## - BIBLIOGRAPHY, ETC. NOTE
Bibliography, etc. note "Selected bibliography" at end of most of the chapters.
650 #0 - SUBJECT ADDED ENTRY--TOPICAL TERM
Topical term or geographic name entry element Political science
General subdivision History.
906 ## - LOCAL DATA ELEMENT F, LDF (RLIN)
a 7
b cbc
c oclcrpl
d u
e ncip
f 19
g y-gencatlg
942 ## - ADDED ENTRY ELEMENTS (KOHA)
Source of classification or shelving scheme Dewey Decimal Classification
Koha item type Books
Holdings
Withdrawn status Lost status Source of classification or shelving scheme Damaged status Not for loan Collection code Home library Current library Shelving location Date acquired Source of acquisition Total Checkouts Full call number Barcode Date last seen Copy number Price effective from Koha item type
    Dewey Decimal Classification   Not For Loan Non-fiction Asiatic Society Library Asiatic Society Library Harrison Collection 09/13/2020 Donated by Prof. John B. Harrison   320 SAH 100958 09/13/2020 1 09/13/2020 Books

Powered by Koha